Où est cette ville de France? - Carte Clic #2 - Statistiques

Statistiques générales
  • Ce quiz a été pris 6 141 fois
  • Le résultat moyen est 11 sur 20
Statistiques - réponses
Hint Réponse % Correct
Où se trouve... Cannes?
83%
Où se trouve... La Rochelle?
82%
Où se trouve... Dunkerque?
81%
Où se trouve... Perpignan?
77%
Où se trouve... Annecy?
75%
Où se trouve... Bayonne?
74%
Où se trouve... Limoges
70%
Où se trouve... Nancy?
60%
Où se trouve... Besançon?
57%
Où se trouve... Angers?
56%
Où se trouve... Rouen?
55%
Où se trouve... Nimes?
55%
Où se trouve... Le Havre?
54%
Où se trouve... Cherbourg-en-Cotentin?
48%
Où se trouve... Avignon?
43%
Où se trouve... Quimper?
42%
Où se trouve... Saint-Étienne?
38%
Où se trouve... Reims?
36%
Où se trouve... Le Mans?
32%
Où se trouve... Le Tampon?
19%
Aucun quiz correspondant
Distribution des résultats
% des personnes avec chaque résultat
Percentile par nombre de réponses
Votre historique - résultats
Vous n’avez pas pris ce quiz